Alvin and the chipmunks : (Record no. 343924)
[ view plain ]
| 000 -LEADER | |
|---|---|
| fixed length control field | 00491nam a2200205Ia 4500 |
| 008 - FIXED-LENGTH DATA ELEMENTS--GENERAL INFORMATION | |
| fixed length control field | 170918s9999 xx 000 0 und d |
| 020 ## - INTERNATIONAL STANDARD BOOK NUMBER | |
| International Standard Book Number | 9780062086587 |
| 050 ## - LIBRARY OF CONGRESS CALL NUMBER | |
| Item number | F514 2011 |
| 100 ## - MAIN ENTRY--PERSONAL NAME | |
| Personal name | Finn, Perdita |
| 245 ## - TITLE STATEMENT | |
| Title | Alvin and the chipmunks : |
| 245 ## - TITLE STATEMENT | |
| Remainder of title | chipwrecked / |
| 245 ## - TITLE STATEMENT | |
| Statement of responsibility, etc | by Perdita Finn. |
| 250 ## - EDITION STATEMENT | |
| Edition statement | First edition |
| 260 ## - PUBLICATION, DISTRIBUTION, ETC. (IMPRINT) | |
| Place of publication, distribution, etc | USA : |
| 260 ## - PUBLICATION, DISTRIBUTION, ETC. (IMPRINT) | |
| Name of publisher, distributor, etc | Harper, |
| 260 ## - PUBLICATION, DISTRIBUTION, ETC. (IMPRINT) | |
| Date of publication, distribution, etc | 2011 |
| 300 ## - PHYSICAL DESCRIPTION | |
| Extent | 137 pages : |
| 300 ## - PHYSICAL DESCRIPTION | |
| Other physical details | some color illustrations ; |
| 300 ## - PHYSICAL DESCRIPTION | |
| Dimensions | 19cm. |
| Withdrawn status | Lost status | Damaged status | Home library | Current library | Date acquired | Total Checkouts | Full call number | Barcode | Date last seen | Price effective from | Koha item type |
|---|---|---|---|---|---|---|---|---|---|---|---|
| Stonyhurst Southville International School (Malarayat) | Stonyhurst Southville International School (Malarayat) | 09/18/2017 | GS FIC F514 2011 | SSISM2996 | 09/18/2017 | 09/18/2017 | Books |